000 00365nam a22001457a 4500
003 OSt
008 240828b |||||||| |||| 00| 0 eng d
020 _a9789391024888
082 _a181.4
_bCHI
100 _aCHATTERJEE, S
245 _aAn introduction to Indian philosophy
260 _aDelhi:
_bMotilal Banarsidass,
_c2016.
300 _axx,441p.
942 _2ddc
_cBK
999 _c12834
_d12834